01132cam a22002893a 450000100040000000500170000400800410002102000260006202000230008802000180011102000150012904001450014405000170028908200080030610000270031424500400034126000350038130000230041649000370043949000200047650000260049650000280052250500080055052002440055852100200080252100200082299620230815150016.0210629s1989 nyu j 000 1 eng d a9780590439008q(pbk.) a0590439006q(pbk.) a9780590420075 a0590420070 aKRLbengcKRLdOCLdVYLdBGUdOCLdBTCTAdD8DdYDXCPdOCLCGdOCLCQdOCLCAdOCLCFdCOLBTdOCLCQdOCLCOdOCLdOCLCQdLKCdLNCdVBOdCCHGZdDLC00aPZ7.M3567585 aFic1 aMartin, Ann M.,d1955-10aDawn on the coast /cAnn M. Martin. aNew York :bScholastic,c1989. a153 pages :c20 cm1 aThe Baby-sitters Club ;vBook 230 aApple paperback a"An Apple paperback." a"RL4"--Page 4 of cover. aP  aSince her parents' divorce, Dawn lives in Connecticut with her mother while her brother and father are in California, but after a week's vacation in sunny, healthy southern California, Dawn isn't sure she wants to return to the East Coast. a640 bLexile  aP bRaz-plus